Les personnages de Spider-Man : Homecoming - #16 - Statistiques

Statistiques générales
  • Ce quiz a été pris 24 fois
  • Le résultat moyen est 6 sur 15
Statistiques - réponses
Réponse % Correct
Peter Parker / Spider-Man
100%
Tony Stark / Iron Man
76%
Adrian Toomes / le Vautour
62%
May Parker
52%
Michelle Jones
48%
Ned Leeds
48%
Happy Hogan
43%
Hermann Schultz / le Shocker
38%
Flash Thompson
33%
Liz Toomes
19%
Mac Gargan / le Scorpion
19%
Pepper Potts
19%
Aaron Davis
14%
Betty Brant
14%
FRIDAY
5%
Aucun quiz correspondant
Distribution des résultats
% des personnes avec chaque résultat
Percentile par nombre de réponses
Votre historique - résultats
Vous n’avez pas pris ce quiz